Statistics for Most Common First Names in Spain

Click here to take the quiz!

General Stats

  • This quiz has been taken 27,637 times
    (8,104 since last reset)
  • The average score is 13 of 40

Answer Stats

Name % Correct
Maria
87%
Juan
85%
Jose
76%
Ana
57%
Carlos
56%
Luis
49%
Antonio
49%
Pedro
48%
Miguel
48%
Fernando
47%
Isabel
46%
David
46%
Alejandro
44%
Pablo
42%
Francisco
38%
Jesus
37%
Daniel
35%
Javier
34%
Manuel
32%
Cristina
29%
Jorge
29%
Carmen
28%
Angel
26%
Luisa
24%
Paula
24%
Teresa
22%
Sergio
22%
Laura
21%
Lucia
20%
Rafael
18%
Sara
17%
Antonia
16%
Dolores
15%
Elena
14%
Marta
14%
Pilar
13%
Francisca
11%
Josefa
8%
Concepcion
6%
Angeles
5%

Score Distribution

Percentile by Number Answered

Percent of People with Each Score

Your Score History

You have not taken this quiz since the last reset